| 000 | 01080cam a2200289 a 4500 | ||
|---|---|---|---|
| 001 | 2404381 | ||
| 003 | NUST-PNEC | ||
| 005 | 20170116180711.0 | ||
| 008 | 860303s1987 nyua b 001 0 eng | ||
| 010 | _a 86003051 | ||
| 020 | _a007033305X | ||
| 040 |
_aDLC _cDLC _dDLC |
||
| 050 | 0 | 0 |
_aTA347.F5 _bF578 1987 |
| 082 | 0 | 0 | _a510.202 KAR |
| 100 |
_9538 _aKardestuncer, H. |
||
| 245 | 0 | 0 |
_aFinite element handbook / _cH. Kardestuncer, editor-in-chief; D.H. Norrie, project editor; part editors, F. Brezzi ... [et al.]. |
| 260 |
_aNew York : _bMcGraw-Hill, _cc1987. |
||
| 300 |
_a1 v. (various pagings) : _bill. ; _c25 cm. |
||
| 500 | _aIncludes Index http://www.amazon.com/Finite-Element-Handbook-H-Kardestuncer/dp/007033305X/ref=sr_1_1?s=books&ie=UTF8&qid=1412917007&sr=1-1&keywords=007033305X | ||
| 504 | _aIncludes bibliographies and index. | ||
| 650 | 0 |
_aFinite element method. _xME |
|
| 700 | 1 | _aKardestuncer, Hayrettin. | |
| 700 | 1 | _aNorrie, D. H. | |
| 700 | 1 |
_aBrezzi, F. _q(Franco), _d1945- |
|
| 906 |
_a7 _bcbc _corignew _d1 _eocip _f19 _gy-gencatlg |
||
| 942 |
_2ddc _cBK |
||
| 999 |
_c60956 _d60956 |
||